00799nam a22002297a 4500003001100000005001700011008004100028020001800069040003900087041000800126082001300134100002700147245008300174260002800257300006400285650004100349650003300390650003700423942000700460952008700467999001500554LK-CoMWRAF20231206150505.0230924b2010 |||||||| |||| 00| 0 eng d a9789559903123 aLK-CoMWRAFdLK-CoMWRAFeLK-CoMWRAF aeng a926bSEN aSenanayake, Manouri P. aEight portraits : women in paediatricsb : mid 20th century Ceylon - Sri Lanka aColombo:bAuthor,c2010 aix, 113 p. : ill. ; 21 cm.bBibliography and index included aPEDIATRICIANS-Sri Lanka -- Biography a Women doctors -- Sri Lanka  aMedicine -- Sri Lanka -- History cBK 00104070aMAINbMAINd2023-09-24l0o926 SENpRAF797r2023-09-24w2023-09-24yBK c3655d3655